Automated statistical analysis of protein abundance ratios from data generated by stable-isotope dilution and tandem mass spectrometry /
保存先:
| その他の著者: | , , , |
|---|---|
| フォーマット: | 論文 |
| 言語: | English |
| 主題: | |
| タグ: |
タグ追加
タグなし, このレコードへの初めてのタグを付けませんか!
|
| Thư viện lưu trữ: | Thư viện Trường Đại học Đà Lạt |
|---|
| LEADER | 01154nam a2200373 4500 | ||
|---|---|---|---|
| 001 | DLU090097589 | ||
| 005 | ##20091201 | ||
| 040 | # | # | |a DLU |b eng |
| 041 | # | # | |a eng |
| 044 | # | # | |a us |
| 245 | # | # | |a Automated statistical analysis of protein abundance ratios from data generated by stable-isotope dilution and tandem mass spectrometry / |c Xiao-jun Li ... [et al.]. |
| 653 | # | # | |a Automatic analysis |
| 653 | # | # | |a Chemical ionization |
| 653 | # | # | |a Electrospray |
| 653 | # | # | |a Enzyme |
| 653 | # | # | |a Fragmentation |
| 653 | # | # | |a Liquid chromatography |
| 653 | # | # | |a Mass spectrometry |
| 653 | # | # | |a Nucleotidyltransferases |
| 653 | # | # | |a Statistical analysis |
| 700 | # | # | |a Aebersold, Ruedi. |
| 700 | # | # | |a Li, Xiao-jun. |
| 700 | # | # | |a Ranish, Jeffrey A. |
| 700 | # | # | |a Zhang, Hui. |
| 773 | # | # | |t Analytical Chemistry |g Vol. 75, no. 23 (December 2003), p. 6648-6657 |
| 920 | # | # | |a Phòng Tạp chí -- Trung tâm Thông tin - Thư viện Trường Đại học Đà Lạt |
| 994 | # | # | |a DLU |
| 900 | # | # | |a True |
| 911 | # | # | |a Trương Bảo Trâm Anh |
| 925 | # | # | |a G |
| 926 | # | # | |a A |
| 927 | # | # | |a BB |
| 980 | # | # | |a Thư viện Trường Đại học Đà Lạt |